01507 2200421 4500001002100000005001500021035002000036007000300056008004100059020002200100040002200122082001200144084001400156090002200170100002900192245026200221300005500483650002900538700003100567700002200598700002900620700002800649700002900677700003200706700004100738700003400779700002800813700002700841850001200868264003400880336002100914337003000935338002300965999002200988250002801010504002501038990002201063INLIS00000000089227820250115103602 a0010-0125000178ta250102s2024 yoia g 0 ind d a978-623-261-862-6 aYOPDYOGbinderda04223a361 a361 ARI a aCB-D.11 2024-40980 aArif MaftuhinePengarang10aArah baru kesejahteraan sosial :bdari inovasi hingga isu kontemporer /cArif Maftuhin, Lathiful Khuluq, Ro'fah, Aryan Torrido, Asep Jahidin, Siti Solechah, Muh. Ulil Absor, Nurul Fajriyah Prahastuti, Muhammad Izzul Haq, Idan Ramdani; penyunting, Hanita Ayu axii, 246 halaman :btabel, grafik, gambar ;c23 cm 4aKesejahteraan masyarakat0 aLathiful KhuluqePengarang0 aRo'fahePengarang0 aAryan TorridoePengarang0 aAsep JahidinePengarang0 aSiti SolechahePengarang1 aUlil Absor, Muh.ePengarang0 aNurul Fajriyah PrahastutiePengarang0 aMuhammad Izzul HaqePengarang0 aIdan RamdaniePengarang0 aHanita AyuePenyunting aYOPDYOG31aBantul :bSamudra Biru,c2024 2rdacontentateks 2rdamediaatanpa perantara 2rdacarrieravolume aCB-D.11/2024-4098 aCetakan I, Agustus 2024 aTermasuk bibliografi aCB-D.11/2024-4098